The pragmatic turn in philosophy : (Record no. 122900)
[ view plain ]
| 000 -LEADER | |
|---|---|
| fixed length control field | 01173cam a22003014a 4500 |
| 001 - CONTROL NUMBER | |
| control field | 13276506 |
| 005 - DATE AND TIME OF LATEST TRANSACTION | |
| control field | 20150715105615.0 |
| 008 - FIXED-LENGTH DATA ELEMENTS--GENERAL INFORMATION | |
| fixed length control field | 030716s2004 nyu b s001 0 eng |
| 010 ## - LIBRARY OF CONGRESS CONTROL NUMBER | |
| LC control number | 2003059026 |
| 020 ## - INTERNATIONAL STANDARD BOOK NUMBER | |
| International Standard Book Number | 079146069X |
| 020 ## - INTERNATIONAL STANDARD BOOK NUMBER | |
| International Standard Book Number | 0791460703 (pbk.) |
| 040 ## - CATALOGING SOURCE | |
| Original cataloging agency | DLC |
| Transcribing agency | DLC |
| Modifying agency | DLC |
| 042 ## - AUTHENTICATION CODE | |
| Authentication code | pcc |
| 050 00 - LIBRARY OF CONGRESS CALL NUMBER | |
| Classification number | B832 |
| Item number | .P7525 2004 |
| 082 00 - DEWEY DECIMAL CLASSIFICATION NUMBER | |
| Classification number | 144/.3 |
| Edition number | 22 |
| 245 04 - TITLE STATEMENT | |
| Title | The pragmatic turn in philosophy : |
| Remainder of title | contemporary engagements between analytic and continental thought / |
| Statement of responsibility, etc | edited by William Egginton and Mike Sandbothe. |
| 260 ## - PUBLICATION, DISTRIBUTION, ETC. (IMPRINT) | |
| Place of publication, distribution, etc | Albany : |
| Name of publisher, distributor, etc | State University of New York Press, |
| Date of publication, distribution, etc | c2004. |
| 300 ## - PHYSICAL DESCRIPTION | |
| Extent | vi, 262 p. ; |
| Dimensions | 24 cm. |
| 504 ## - BIBLIOGRAPHY, ETC. NOTE | |
| Bibliography, etc | Includes bibliographical references (p. 249-256) and index. |
| 650 #0 - SUBJECT ADDED ENTRY--TOPICAL TERM | |
| Topical term or geographic name as entry element | Pragmatism |
| General subdivision | History |
| Chronological subdivision | 21st century. |
| 9 (RLIN) | 18048 |
| 650 #0 - SUBJECT ADDED ENTRY--TOPICAL TERM | |
| Topical term or geographic name as entry element | Pragmatism |
| General subdivision | History. |
| 9 (RLIN) | 18049 |
| 650 #0 - SUBJECT ADDED ENTRY--TOPICAL TERM | |
| Topical term or geographic name as entry element | Philosophy, Modern |
| Chronological subdivision | 21st century. |
| 9 (RLIN) | 18050 |
| 700 1# - ADDED ENTRY--PERSONAL NAME | |
| Personal name | Egginton, William, |
| Dates associated with a name | 1969- |
| 9 (RLIN) | 16020 |
| 700 1# - ADDED ENTRY--PERSONAL NAME | |
| Personal name | Sandbothe, Mike, |
| Dates associated with a name | 1961- |
| 9 (RLIN) | 18051 |
| 906 ## - LOCAL DATA ELEMENT F, LDF (RLIN) | |
| a | 7 |
| b | cbc |
| c | orignew |
| d | 1 |
| e | ocip |
| f | 20 |
| g | y-gencatlg |
| 942 ## - ADDED ENTRY ELEMENTS (KOHA) | |
| Source of classification or shelving scheme | Library of Congress Classification |
| Item type | Monograph ( Printed materials) |
| Withdrawn status | Lost status | Source of classification or shelving scheme | Damaged status | Not for loan | Collection code | Home library | Current library | Shelving location | Date acquired | Total Checkouts | Full call number | Barcode | Date last seen | Date last borrowed | Price effective from | Koha item type |
|---|---|---|---|---|---|---|---|---|---|---|---|---|---|---|---|---|
| Library of Congress Classification | Main Collection | ARRUPE LIBRARY | ARRUPE LIBRARY | Main Collection | 15/07/2015 | 1 | B832 .P7525 2004 | 46500004587 | 09/05/2016 | 05/04/2016 | 15/07/2015 | Monograph ( Printed materials) |